[Event "DFMM-LV"]
[Site "Braunfels"]
[Date "2013.05.31"]
[Round "2.2"]
[White "Schlein, Julia"]
[Black "Benzen, Marthe"]
[Result "0-1"]
[WhiteElo "2095"]
[BlackElo "1923"]
[PlyCount "90"]
[EventDate "2013.05.30"]
[EventType "team-swiss"]
[EventCountry "GER"]
[WhiteTeam "Hessen"]
[BlackTeam "Schleswig Holstein"]
[WhiteTeamCountry "GER"]
[BlackTeamCountry "GER"]

1. d4 Nf6 2. c4 g6 3. Nf3 Bg7 4. Nc3 d6 5. e4 O-O 6. Be2 e5 7. O-O Nc6 8. d5
Ne7 9. Ne1 Nd7 10. Nd3 f5 11. f3 f4 12. Bd2 g5 13. Rc1 Rf7 14. b4 Nf6 15. c5
Ne8 16. Qb3 Ng6 17. Rc2 h5 18. Nf2 Bf8 19. cxd6 cxd6 20. Rfc1 Rg7 21. Nb5 a6
22. Na3 b5 23. Nxb5 axb5 24. Bxb5 g4 25. fxg4 hxg4 26. g3 Nf6 27. a4 Bd7 28.
Bc6 Rb8 29. b5 Bc8 30. a5 Nd7 31. Nd3 fxg3 32. hxg3 Nf6 33. Qc4 Nh5 34. Be1 Rf7
35. Rg2 Bh6 36. Ra1 Be3+ 37. Bf2 Qg5 38. Qb3 Rf3 39. Qb4 Nxg3 40. Qxd6 Qh6 41.
Rh2 Ne2+ 42. Kh1 Rh3 43. Qd8+ Nf8 44. Bh4 Rxh2+ 45. Kxh2 g3+ 0-1

[Event "DFMM-LV"]
[Site "Braunfels"]
[Date "2013.05.31"]
[Round "2.3"]
[White "Leib, Britta"]
[Black "Bluhm, Sonja Maria"]
[Result "1/2-1/2"]
[WhiteElo "1942"]
[BlackElo "2030"]
[PlyCount "72"]
[EventDate "2013.05.30"]
[EventType "team-swiss"]
[EventCountry "GER"]
[WhiteTeam "Schleswig Holstein"]
[BlackTeam "Hessen"]
[WhiteTeamCountry "GER"]
[BlackTeamCountry "GER"]

1. e4 c5 2. Nc3 Nc6 3. g3 g6 4. d3 Bg7 5. Be3 d6 6. Bg2 e6 7. Qd2 Nf6 8. h3 a6
9. Bh6 O-O 10. Nge2 Qc7 11. Bxg7 Kxg7 12. d4 cxd4 13. Nxd4 e5 14. Nde2 b5 15.
a3 Bb7 16. O-O Rfd8 17. f4 Ne7 18. Rae1 Rac8 19. Kh2 a5 20. Nxb5 Qxc2 21. Qxc2
Rxc2 22. Nxd6 Rxd6 23. fxe5 Ng4+ 24. hxg4 Rdd2 25. e6 Rxe2 26. Rxe2 Rxe2 27.
Rxf7+ Kg8 28. Kg1 Rxg2+ 29. Kxg2 Bxe4+ 30. Kf2 Nc6 31. Ke3 Bd5 32. Rd7 Bg2 33.
Rd2 Bh1 34. Rd1 Bg2 35. Rd2 Bh1 36. Rd1 Bg2 1/2-1/2

[Event "DFMM-LV"]
[Site "Braunfels"]
[Date "2013.05.31"]
[Round "2.4"]
[White "Krilova, Marina"]
[Black "Freter, Anke"]
[Result "1-0"]
[WhiteElo "2236"]
[BlackElo "1914"]
[PlyCount "103"]
[EventDate "2013.05.30"]
[EventType "team-swiss"]
[EventCountry "GER"]
[WhiteTeam "Hessen"]
[BlackTeam "Schleswig Holstein"]
[WhiteTeamCountry "GER"]
[BlackTeamCountry "GER"]

1. e4 c5 2. Nf3 Nc6 3. d4 cxd4 4. Nxd4 Nf6 5. Nc3 d6 6. Be2 e5 7. Nb3 Be6 8.
Bg5 Be7 9. O-O O-O 10. Qd2 a6 11. Rad1 Bxb3 12. axb3 Nd4 13. Be3 Nxe2+ 14. Qxe2
h6 15. f3 Rc8 16. Rd2 Qc7 17. Qf2 b5 18. Rfd1 Qb7 19. Nd5 Nxd5 20. Rxd5 f5 21.
exf5 Rxf5 22. Qd2 Qc6 23. c3 g5 24. h4 Rcf8 25. hxg5 hxg5 26. Qd3 Qe8 27. Qe4
Kg7 28. c4 bxc4 29. bxc4 Qb8 30. R1d2 Qb4 31. c5 Qxe4 32. fxe4 Rf1+ 33. Kh2
dxc5 34. Rxe5 Bf6 35. Rxc5 Re1 36. Bxg5 Rxe4 37. Bxf6+ Rxf6 38. Rc7+ Kg6 39.
Rb7 Re5 40. Rd3 Rh5+ 41. Rh3 Rhf5 42. Rg3+ Kh6 43. Rb8 Kh7 44. Rb4 Rf2 45. Rb7+
Kh6 46. b3 Rb2 47. Rg4 Rd6 48. Kh3 a5 49. Rb5 Rd3+ 50. Rg3 Rxg3+ 51. Kxg3 a4
52. bxa4 1-0

[Event "DFMM-LV"]
[Site "Braunfels"]
[Date "2013.05.31"]
[Round "2.5"]
[White "Hielscher, Ursula"]
[Black "Heymann Lobzhanidze, Anna Luise"]
[Result "0-1"]
[WhiteElo "1904"]
[BlackElo "1988"]
[PlyCount "88"]
[EventDate "2013.05.30"]
[EventType "team-swiss"]
[EventCountry "GER"]
[WhiteTeam "Schleswig Holstein"]
[BlackTeam "Hessen"]
[WhiteTeamCountry "GER"]
[BlackTeamCountry "GER"]

1. d4 Nf6 2. c4 g6 3. Nc3 Bg7 4. e4 d6 5. f3 O-O 6. Be3 c6 7. Qd2 e5 8. d5 cxd5
9. cxd5 Ne8 10. Bd3 f5 11. exf5 gxf5 12. Bg5 Nf6 13. Qc2 Qa5 14. Bd2 Na6 15.
Nb5 Nb4 16. Qb3 Nxd3+ 17. Qxd3 Qa6 18. Qb3 Ne8 19. Rc1 Bd7 20. Nc7 Nxc7 21.
Rxc7 Bb5 22. a4 Bxa4 23. Qxb7 Qxb7 24. Rxb7 Rfb8 25. Rb4 Bb3 26. Ne2 Bxd5 27.
Ng3 Be6 28. O-O d5 29. Rc1 Bf8 30. Ra4 e4 31. fxe4 fxe4 32. Bc3 Bh6 33. Re1 Bg7
34. Bxg7 Kxg7 35. Re2 Kf6 36. Kf2 a5 37. Ra3 a4 38. Rc3 Rc8 39. Ra3 Ke5 40. b3
Bg4 41. Re1 axb3 42. Rxb3 Ra2+ 43. Kf1 Rcc2 44. Rb7 Rf2+ 0-1

[Event "DFMM-LV"]
[Site "Braunfels"]
[Date "2013.05.31"]
[Round "2.6"]
[White "Pralle, Katharina"]
[Black "Knof, Henrike"]
[Result "1-0"]
[WhiteElo "1993"]
[BlackElo "1547"]
[PlyCount "65"]
[EventDate "2013.05.30"]
[EventType "team-swiss"]
[EventCountry "GER"]
[WhiteTeam "Hessen"]
[BlackTeam "Schleswig Holstein"]
[WhiteTeamCountry "GER"]
[BlackTeamCountry "GER"]

1. c4 e5 2. Nc3 Nf6 3. g3 c6 4. Bg2 Be7 5. e3 d6 6. Nge2 Be6 7. b3 O-O 8. O-O
Qc8 9. d4 Bh3 10. d5 c5 11. Bb2 Bxg2 12. Kxg2 Qf5 13. h3 Nbd7 14. f4 e4 15. g4
Qg6 16. Ng3 Rae8 17. g5 h5 18. gxf6 h4 19. Ncxe4 Bxf6 20. f5 Qh6 21. Nxf6+ Nxf6
22. Nh1 Rxe3 23. Bc1 Rfe8 24. Bxe3 Rxe3 25. Rf3 Ne4 26. Rxe3 Qxe3 27. Qf1 Qg5+
28. Kh2 Qd2+ 29. Qg2 Qf4+ 30. Kg1 Nd2 31. Nf2 Qxf5 32. Kh1 Nf3 33. Rf1 1-0

[Event "DFMM-LV"]
[Site "Braunfels"]
[Date "2013.05.31"]
[Round "2.7"]
[White "Krupp, Katja"]
[Black "Zahn, Nicol"]
[Result "1/2-1/2"]
[WhiteElo "1632"]
[BlackElo "1933"]
[PlyCount "81"]
[EventDate "2013.05.30"]
[EventType "team-swiss"]
[EventCountry "GER"]
[WhiteTeam "Schleswig Holstein"]
[BlackTeam "Hessen"]
[WhiteTeamCountry "GER"]
[BlackTeamCountry "GER"]

1. e4 c5 2. Nf3 e6 3. Nc3 a6 4. d3 d6 5. g3 Nc6 6. Bg2 g6 7. O-O Bg7 8. Ne2
Nge7 9. c3 O-O 10. h4 Rb8 11. Nh2 d5 12. Qc2 e5 13. f4 d4 14. g4 exf4 15. Bxf4
Be5 16. h5 Bxf4 17. Rxf4 Ne5 18. Raf1 N7c6 19. c4 Nb4 20. Qd2 Qg5 21. Nc1 Bxg4
22. a3 Nbc6 23. Qf2 Bxh5 24. Rh4 b5 25. b3 bxc4 26. dxc4 Na5 27. Rh3 Kg7 28.
Rg3 Qe7 29. Qf5 Kh8 30. Qf4 f6 31. Qh6 Qg7 32. Qf4 Rf7 33. Bh3 Rb6 34. Bf5 Qf8
35. Bh3 g5 36. Rxg5 fxg5 37. Qxe5+ Qg7 38. Qe8+ Qg8 39. Qe5+ Qg7 40. Qe8+ Qg8
41. Qe5+ 1/2-1/2

[Event "DFMM-LV"]
[Site "Braunfels"]
[Date "2013.05.31"]
[Round "2.8"]
[White "Storkebaum, Ulrike"]
[Black "Suhr, Michaela"]
[Result "1-0"]
[WhiteElo "1847"]
[BlackElo "1055"]
[PlyCount "93"]
[EventDate "2013.05.30"]
[EventType "team-swiss"]
[EventCountry "GER"]
[WhiteTeam "Hessen"]
[BlackTeam "Schleswig Holstein"]
[WhiteTeamCountry "GER"]
[BlackTeamCountry "GER"]

1. e4 e5 2. Nf3 Nc6 3. d4 Qe7 4. d5 Nd8 5. c4 d6 6. Nc3 h6 7. Be2 g6 8. Be3 a6
9. O-O f5 10. g3 Nf6 11. Nh4 Qg7 12. exf5 gxf5 13. f4 e4 14. Bd4 Be7 15. Bh5+
Nf7 16. Ng6 Rg8 17. Nxe7 Kxe7 18. c5 c6 19. dxc6 bxc6 20. Bxf7 Qxf7 21. cxd6+
Kxd6 22. Bxf6+ Ke6 23. Be5 Qd7 24. Qb3+ Ke7 25. Qxg8 Qe6 26. Qxe6+ Bxe6 27.
Rfd1 h5 28. Kf2 Rg8 29. Rd6 Bd7 30. Rad1 Bc8 31. Rxc6 Kf7 32. Rc7+ Ke8 33.
Rxc8+ Kf7 34. Rxg8 Kxg8 35. Nd5 Kf7 36. Nf6 Kg6 37. Rd6 a5 38. Nxe4+ Kf7 39.
Ng5+ Ke7 40. Ra6 Kd7 41. Ke3 Ke7 42. Ra7+ Kd8 43. Kd4 Kc8 44. Kc5 Kd8 45. Kc6
Ke8 46. Kd6 Kf8 47. Ra8# 1-0

[Event "DFMM-LV"]
[Site "Braunfels"]
[Date "2013.05.31"]
[Round "2.1"]
[White "Kaulfuss, Christa"]
[Black "Steinbacher, Claudia"]
[Result "0-1"]
[WhiteElo "1861"]
[BlackElo "2125"]
[PlyCount "100"]
[EventDate "2013.05.30"]
[EventType "team-swiss"]
[EventCountry "GER"]
[WhiteTeam "Hessen II"]
[BlackTeam "Sachsen"]
[WhiteTeamCountry "GER"]
[BlackTeamCountry "GER"]

1. e4 d5 2. Nc3 dxe4 3. Nxe4 Bf5 4. Ng3 Bg6 5. Nf3 h6 6. Bc4 e6 7. d4 Nf6 8.
Ne5 Bh7 9. O-O Bd6 10. Qe2 Bxe5 11. dxe5 Nfd7 12. c3 Nb6 13. Rd1 Qe7 14. Bd3
Bxd3 15. Qxd3 N8d7 16. f4 O-O-O 17. Qe2 Qc5+ 18. Be3 Qc6 19. Bxb6 Nxb6 20. Ne4
Nd5 21. g3 Qb6+ 22. Qf2 Ne3 23. Re1 Nc2 24. Qxb6 axb6 25. Rad1 Nxe1 26. Rxe1
Rd5 27. Kf2 Rhd8 28. h4 Kd7 29. g4 Ke7 30. h5 f5 31. exf6+ gxf6 32. g5 fxg5 33.
fxg5 hxg5 34. Kg3 Rf8 35. h6 Rh8 36. Rh1 Kf7 37. Rf1+ Ke7 38. Rh1 Re5 39. Nd2
Kf6 40. Nf3 Rf5 41. Nd4 Rf4 42. Nf3 Kg6 43. Ne5+ Kh7 44. Rh5 Rf5 45. Ng4 Rhf8
46. Rh1 Rf1 47. Rh2 Rg1+ 48. Rg2 Rxg2+ 49. Kxg2 Rd8 50. Kf3 Rd2 0-1

[Event "DFMM-LV"]
[Site "Braunfels"]
[Date "2013.05.31"]
[Round "2.2"]
[White "Nagel, Verena"]
[Black "Schneider, Sabrina"]
[Result "1-0"]
[WhiteElo "2013"]
[BlackElo "1651"]
[PlyCount "99"]
[EventDate "2013.05.30"]
[EventType "team-swiss"]
[EventCountry "GER"]
[WhiteTeam "Sachsen"]
[BlackTeam "Hessen II"]
[WhiteTeamCountry "GER"]
[BlackTeamCountry "GER"]

1. d4 Nf6 2. Nf3 g6 3. e3 Bg7 4. Bc4 O-O 5. O-O d6 6. a3 Nbd7 7. Re1 e6 8. Nbd2
c5 9. Ba2 b5 10. c4 bxc4 11. Nxc4 d5 12. Nce5 Ne4 13. Nc6 Qf6 14. dxc5 Ndxc5
15. Qd4 Qxd4 16. exd4 Nd3 17. Re2 Ba6 18. Rc2 Kh8 19. Nce5 Rac8 20. Rxc8 Rxc8
21. Nxd3 Bxd3 22. Be3 Be2 23. Ne5 f6 24. Nf3 Rc2 25. Rc1 Rxc1+ 26. Bxc1 Bxf3
27. gxf3 Nd6 28. Be3 f5 29. a4 Bf6 30. Kf1 g5 31. f4 h6 32. Ke2 Kg7 33. Kd3 Ne4
34. f3 gxf4 35. Bxf4 Nf2+ 36. Kc3 Nd1+ 37. Kc2 Nf2 38. Be5 Nh3 39. Kd3 Ng5 40.
f4 Nf3 41. b4 Nxe5+ 42. fxe5 Bd8 43. a5 Bh4 44. b5 Bd8 45. b6 a6 46. Ke3 Kg6
47. Kf3 Kg5 48. Bb1 h5 49. Bd3 Kh4 50. Bxf5 1-0

[Event "DFMM-LV"]
[Site "Braunfels"]
[Date "2013.05.31"]
[Round "2.3"]
[White "Henzelmann, Daria"]
[Black "Just, Anita"]
[Result "0-1"]
[WhiteElo "1699"]
[BlackElo "1988"]
[PlyCount "80"]
[EventDate "2013.05.30"]
[EventType "team-swiss"]
[EventCountry "GER"]
[WhiteTeam "Hessen II"]
[BlackTeam "Sachsen"]
[WhiteTeamCountry "GER"]
[BlackTeamCountry "GER"]

1. c4 e6 2. g3 f5 3. Bg2 Nf6 4. Nc3 Be7 5. Nf3 O-O 6. O-O d6 7. d4 a5 8. b3 Ne4
9. Bb2 Na6 10. a3 Bd7 11. Qc2 Nxc3 12. Qxc3 c6 13. Rfe1 d5 14. Ne5 Nc7 15. f3
Ne8 16. e4 a4 17. b4 Nd6 18. exd5 cxd5 19. cxd5 exd5 20. Qe3 f4 21. Qd2 fxg3
22. hxg3 Bf5 23. Qe2 Bf6 24. g4 Bc8 25. f4 Ne4 26. f5 Bh4 27. Bxe4 dxe4 28. Rf1
Qd5 29. Rac1 b6 30. Rc6 Ba6 31. Qh2 Bf6 32. Rfc1 e3 33. Rc7 e2 34. Rd7 Qb3 35.
Bc3 Qd1+ 36. Be1 Qxc1 37. Kf2 Rad8 38. Rxd8 Rxd8 39. Qh5 Qf4+ 40. Nf3 Bxd4+ 0-1

[Event "DFMM-LV"]
[Site "Braunfels"]
[Date "2013.05.31"]
[Round "2.4"]
[White "Nobis, Martina"]
[Black "Krausse, Vanessa"]
[Result "0-1"]
[WhiteElo "1881"]
[BlackElo "1576"]
[PlyCount "74"]
[EventDate "2013.05.30"]
[EventType "team-swiss"]
[EventCountry "GER"]
[WhiteTeam "Sachsen"]
[BlackTeam "Hessen II"]
[WhiteTeamCountry "GER"]
[BlackTeamCountry "GER"]

1. e4 c5 2. Nf3 d6 3. d4 cxd4 4. Nxd4 Nf6 5. Nc3 Nc6 6. Be2 g6 7. Be3 Bg7 8. f3
O-O 9. Qd2 Bd7 10. O-O-O Rc8 11. Kb1 Ne5 12. g4 a6 13. h4 h5 14. Bh6 e6 15.
Bxg7 Kxg7 16. gxh5 Nxh5 17. f4 Nc4 18. Qc1 Rh8 19. Rdg1 Qf6 20. Bxc4 Rxc4 21.
Nde2 Bc6 22. Qe3 b5 23. b3 Rc5 24. Rh3 a5 25. e5 Qe7 26. exd6 Qxd6 27. Rd1 Qe7
28. Nd4 Rd8 29. Rg1 Qd6 30. Nxc6 Rxc6 31. Rf3 b4 32. Ne4 Qd4 33. Qe2 Qxg1+ 34.
Rf1 Qd4 35. Ng5 Ng3 36. Qg2 Nxf1 37. Qxc6 Nd2+ 0-1

[Event "DFMM-LV"]
[Site "Braunfels"]
[Date "2013.05.31"]
[Round "2.5"]
[White "Hauk, Viktoria"]
[Black "Neumeyer, Hannelore"]
[Result "0-1"]
[WhiteElo "1469"]
[BlackElo "1987"]
[PlyCount "52"]
[EventDate "2013.05.30"]
[EventType "team-swiss"]
[EventCountry "GER"]
[WhiteTeam "Hessen II"]
[BlackTeam "Sachsen"]
[WhiteTeamCountry "GER"]
[BlackTeamCountry "GER"]

1. d4 d5 2. Nf3 Nf6 3. Bf4 e6 4. e3 c6 5. c4 Bb4+ 6. Nc3 Ne4 7. Rc1 Qa5 8. Qb3
Nxc3 9. bxc3 Ba3 10. Rc2 Nd7 11. c5 b6 12. Bc7 Ba6 13. Bxa6 Qxa6 14. c4 Qa5+
15. Rc3 Bb4 16. Kd2 Bxc3+ 17. Qxc3 Qxc3+ 18. Kxc3 f6 19. cxd5 exd5 20. Bd6 b5
21. Rb1 a5 22. a3 Kf7 23. Nd2 Ra7 24. Re1 Re8 25. f3 Rb7 26. Rb1 Rxe3+ 0-1

[Event "DFMM-LV"]
[Site "Braunfels"]
[Date "2013.05.31"]
[Round "2.6"]
[White "von Keyserlingk, Chanda"]
[Black "Schardt, Madeleine"]
[Result "1-0"]
[WhiteElo "1734"]
[BlackElo "1478"]
[PlyCount "51"]
[EventDate "2013.05.30"]
[EventType "team-swiss"]
[EventCountry "GER"]
[WhiteTeam "Sachsen"]
[BlackTeam "Hessen II"]
[WhiteTeamCountry "GER"]
[BlackTeamCountry "GER"]

1. d4 d5 2. c4 c6 3. cxd5 cxd5 4. Nc3 Nc6 5. Nf3 e6 6. Bf4 Bb4 7. a3 Bxc3+ 8.
bxc3 Nf6 9. e3 O-O 10. Bd3 Re8 11. O-O h6 12. h3 Qa5 13. c4 dxc4 14. Bxc4 Nd5
15. Bg3 b5 16. Bxd5 exd5 17. Qb3 Be6 18. Rfc1 Qa6 19. Ne1 Na5 20. Qb4 Nc4 21.
Nd3 Qc6 22. Ne5 Qb7 23. a4 a6 24. Nd3 Qe7 25. Qxe7 Rxe7 26. axb5 1-0

[Event "DFMM-LV"]
[Site "Braunfels"]
[Date "2013.05.31"]
[Round "2.7"]
[White "Schneider, Stefanie"]
[Black "Boehme Ziska, Christine"]
[Result "1/2-1/2"]
[WhiteElo "1207"]
[BlackElo "1751"]
[PlyCount "43"]
[EventDate "2013.05.30"]
[EventType "team-swiss"]
[EventCountry "GER"]
[WhiteTeam "Hessen II"]
[BlackTeam "Sachsen"]
[WhiteTeamCountry "GER"]
[BlackTeamCountry "GER"]

1. e4 c5 2. d4 cxd4 3. c3 dxc3 4. Nxc3 Nc6 5. Bc4 d6 6. f4 e6 7. Nf3 a6 8. O-O
b5 9. Bb3 Nge7 10. Be3 Na5 11. a3 Nxb3 12. Qxb3 Nc6 13. f5 Be7 14. fxe6 Bxe6
15. Nd5 O-O 16. Qc3 Rc8 17. Bb6 Qd7 18. Rac1 f5 19. Nxe7+ Qxe7 20. Nd4 Nxd4 21.
Qxd4 Rxc1 22. Rxc1 1/2-1/2

[Event "DFMM-LV"]
[Site "Braunfels"]
[Date "2013.05.31"]
[Round "2.8"]
[White "Gottschall, Ina"]
[Black "Wallrabenstein, Sonja"]
[Result "1-0"]
[WhiteElo "1710"]
[BlackElo "1039"]
[PlyCount "55"]
[EventDate "2013.05.30"]
[EventType "team-swiss"]
[EventCountry "GER"]
[WhiteTeam "Sachsen"]
[BlackTeam "Hessen II"]
[WhiteTeamCountry "GER"]
[BlackTeamCountry "GER"]

1. d4 g6 2. c4 Bg7 3. Nc3 d6 4. e4 Bd7 5. f4 b6 6. Nf3 c5 7. d5 e5 8. fxe5 Bxe5
9. Nxe5 dxe5 10. Be2 Qh4+ 11. g3 Qf6 12. Rf1 Qg7 13. Bg4 Bxg4 14. Qxg4 Nf6 15.
Qc8+ Ke7 16. Qc7+ Nbd7 17. Bg5 Rhc8 18. Bxf6+ Qxf6 19. Qxd7+ Kxd7 20. Rxf6 Ke7
21. Rf3 a6 22. O-O-O Rd8 23. d6+ Ke6 24. Nd5 Ra7 25. Rf6+ Kd7 26. Rxf7+ Kc6 27.
Rxa7 Rxd6 28. Ne7# 1-0

[Event "DFMM-LV"]
[Site "Braunfels"]
[Date "2013.05.31"]
[Round "2.1"]
[White "Vovk, Oksana"]
[Black "Kashlinskaya, Alina"]
[Result "0-1"]
[WhiteElo "2133"]
[BlackElo "2329"]
[PlyCount "48"]
[EventDate "2013.05.30"]
[EventType "team-swiss"]
[EventCountry "GER"]
[WhiteTeam "Nordrhein Westfalen"]
[BlackTeam "Wuerttemberg"]
[WhiteTeamCountry "GER"]
[BlackTeamCountry "GER"]

1. d4 Nf6 2. c4 g6 3. Nc3 Bg7 4. g3 d5 5. cxd5 Nxd5 6. Bg2 Nxc3 7. bxc3 O-O 8.
Nf3 c5 9. O-O Nc6 10. e3 Bg4 11. Ba3 cxd4 12. cxd4 Qa5 13. Qb3 Rac8 14. Rab1
Rfd8 15. Rfc1 Be6 16. Qb2 b6 17. Rxc6 Rxc6 18. Ne5 Rc7 19. Nc6 Rxc6 20. Bxc6
Rc8 21. Rc1 Rxc6 22. Bxe7 Qxa2 23. Qb5 Rxc1+ 24. Kg2 Qd5+ 0-1

[Event "DFMM-LV"]
[Site "Braunfels"]
[Date "2013.05.31"]
[Round "2.2"]
[White "Gheng, Simona"]
[Black "Zhang, Fan"]
[Result "0-1"]
[WhiteElo "2025"]
[BlackElo "2089"]
[PlyCount "74"]
[EventDate "2013.05.30"]
[EventType "team-swiss"]
[EventCountry "GER"]
[WhiteTeam "Wuerttemberg"]
[BlackTeam "Nordrhein Westfalen"]
[WhiteTeamCountry "GER"]
[BlackTeamCountry "GER"]

1. e4 e6 2. d4 d5 3. Nd2 c5 4. exd5 Qxd5 5. Ngf3 cxd4 6. Bc4 Qd6 7. O-O Nf6 8.
Nb3 Nc6 9. Nbxd4 Nxd4 10. Qxd4 a6 11. Bf4 Qxd4 12. Nxd4 b5 13. Bb3 Bc5 14. Rad1
Bb7 15. Be3 Rc8 16. h3 Nd5 17. Bxd5 Bxd5 18. Nf5 Bxe3 19. Nd6+ Kd7 20. Nxc8 Bc5
21. b4 Rxc8 22. bxc5 Rxc5 23. Rd2 Ke7 24. Re1 b4 25. a3 bxa3 26. c4 Bxc4 27.
Rc1 Rd5 28. Rxd5 exd5 29. f4 a2 30. Kf2 Bd3 31. Ra1 Bb1 32. Ke3 Kd6 33. Kd4 f6
34. g4 g5 35. Ke3 Kc5 36. f5 Kc4 37. h4 h6 0-1

[Event "DFMM-LV"]
[Site "Braunfels"]
[Date "2013.05.31"]
[Round "2.3"]
[White "Rudolph, Anna"]
[Black "Gusakovskaya, Yana"]
[Result "1-0"]
[WhiteElo "2250"]
[BlackElo "2065"]
[PlyCount "81"]
[EventDate "2013.05.30"]
[EventType "team-swiss"]
[EventCountry "GER"]
[WhiteTeam "Nordrhein Westfalen"]
[BlackTeam "Wuerttemberg"]
[WhiteTeamCountry "GER"]
[BlackTeamCountry "GER"]

1. e4 c5 2. Nf3 Nc6 3. d4 cxd4 4. Nxd4 g6 5. c4 Nf6 6. Nc3 Nxd4 7. Qxd4 d6 8.
Be2 Bg7 9. Be3 O-O 10. Qd2 Qa5 11. O-O Be6 12. f3 Rfc8 13. Rfc1 a6 14. Rab1 Nd7
15. b3 Rab8 16. Nd5 Qxd2 17. Bxd2 Bxd5 18. cxd5 Bd4+ 19. Kf1 Nb6 20. f4 Kg7 21.
Bg4 Rxc1+ 22. Rxc1 f5 23. Bf3 Rc8 24. Rxc8 Nxc8 25. Ke2 Nb6 26. Kd3 Bb2 27. Be3
Nd7 28. b4 Nf6 29. exf5 gxf5 30. Kc4 b5+ 31. Kb3 Ba1 32. a4 Kg6 33. axb5 axb5
34. g3 h5 35. Bg1 Kh6 36. Be2 Nxd5 37. Bxb5 Nc3 38. Bd7 Ne2 39. Be3 Kg6 40. Kc4
e5 41. b5 1-0

[Event "DFMM-LV"]
[Site "Braunfels"]
[Date "2013.05.31"]
[Round "2.4"]
[White "Zpevakova, Jana"]
[Black "Freitag, Julia"]
[Result "0-1"]
[WhiteElo "1924"]
[BlackElo "2144"]
[PlyCount "94"]
[EventDate "2013.05.30"]
[EventType "team-swiss"]
[EventCountry "GER"]
[WhiteTeam "Wuerttemberg"]
[BlackTeam "Nordrhein Westfalen"]
[WhiteTeamCountry "GER"]
[BlackTeamCountry "GER"]

1. d4 d5 2. c4 e6 3. Nf3 f5 4. g3 Nf6 5. Bg2 c6 6. O-O Bd6 7. b3 Qe7 8. Bb2
Nbd7 9. Ne5 Bxe5 10. dxe5 Ng4 11. Ba3 Qf7 12. Nc3 Ndxe5 13. h3 Nf6 14. cxd5
exd5 15. Qd4 Ng6 16. f3 Qc7 17. f4 Be6 18. Rac1 Qd7 19. Rfd1 Kf7 20. Qf2 Rhe8
21. Rc2 Kg8 22. Rdc1 b6 23. e3 Rac8 24. Bf1 Qb7 25. Bd3 c5 26. g4 Ne7 27. g5
Ne4 28. Qf1 Rcd8 29. Ne2 Nc6 30. Bb5 a6 31. Bxc6 Qxc6 32. Nd4 Qb7 33. Nf3 Bd7
34. Qg2 Bb5 35. Rd1 a5 36. Bb2 a4 37. Be5 Bc6 38. Nh4 Rf8 39. Qe2 g6 40. Qe1
axb3 41. axb3 Ra8 42. Ng2 Ra3 43. Rb1 Rfa8 44. Rcb2 b5 45. Qh4 Ra1 46. Kh2 Rxb1
47. Rxb1 Nd2 0-1

[Event "DFMM-LV"]
[Site "Braunfels"]
[Date "2013.05.31"]
[Round "2.5"]
[White "Henrichs, Wenke"]
[Black "Zeller, Elisa"]
[Result "0-1"]
[WhiteElo "2047"]
[BlackElo "1896"]
[PlyCount "66"]
[EventDate "2013.05.30"]
[EventType "team-swiss"]
[EventCountry "GER"]
[WhiteTeam "Nordrhein Westfalen"]
[BlackTeam "Wuerttemberg"]
[WhiteTeamCountry "GER"]
[BlackTeamCountry "GER"]

1. d4 e6 2. c4 Nf6 3. Nc3 Bb4 4. f3 Bxc3+ 5. bxc3 b6 6. e4 d6 7. Nh3 Nbd7 8.
Bd3 Ba6 9. O-O O-O 10. f4 e5 11. fxe5 dxe5 12. Bg5 Re8 13. Qe2 Qe7 14. Rf5 Qd6
15. d5 Rac8 16. Raf1 Kh8 17. Kh1 c6 18. Qd2 cxd5 19. Bxf6 Nxf6 20. c5 bxc5 21.
Bxa6 Qxa6 22. exd5 Rcd8 23. c4 Qxc4 24. d6 Ne4 25. Qa5 Nxd6 26. Rd1 Qb4 27. Qc7
Qb6 28. Qxb6 axb6 29. Rff1 f6 30. Kg1 Ne4 31. Rde1 Rd4 32. Re2 Kg8 33. Rb1 Nc3
0-1

[Event "DFMM-LV"]
[Site "Braunfels"]
[Date "2013.05.31"]
[Round "2.6"]
[White "Gabriel, Marina"]
[Black "Nattermueller, Irina"]
[Result "1-0"]
[WhiteElo "1955"]
[BlackElo "2115"]
[PlyCount "121"]
[EventDate "2013.05.30"]
[EventType "team-swiss"]
[EventCountry "GER"]
[WhiteTeam "Wuerttemberg"]
[BlackTeam "Nordrhein Westfalen"]
[WhiteTeamCountry "GER"]
[BlackTeamCountry "GER"]

1. d4 d5 2. c4 e6 3. Nf3 c5 4. cxd5 exd5 5. g3 Nc6 6. Bg2 Nf6 7. O-O Be7 8. Nc3
O-O 9. h3 cxd4 10. Nxd4 Re8 11. Bf4 a6 12. Rc1 h6 13. Kh2 Bf8 14. Nxc6 bxc6 15.
Na4 Qa5 16. Be3 Rb8 17. a3 Ne4 18. Qc2 Nxg3 19. Kxg3 Bd6+ 20. Bf4 Bxf4+ 21.
Kxf4 Qc7+ 22. Kf3 Re4 23. e3 a5 24. Nc3 Re5 25. Rfd1 Qd6 26. Ke2 Ba6+ 27. Ke1
Qe6 28. Ne2 Bc4 29. Qc3 Rb3 30. Qd4 c5 31. Qxc5 Rxb2 32. Rd2 Rb5 33. Qd4 Rb3
34. Rc3 Rb1+ 35. Rc1 Rb8 36. Nf4 Qe7 37. Nxd5 Bxd5 38. Bxd5 Rg5 39. Ke2 Qxa3
40. Ra1 Qe7 41. Rxa5 Qc7 42. Ra7 Qc1 43. Rxf7 Kh8 44. Qf4 Qc8 45. Be6 Qa6+ 46.
Bc4 Qc8 47. Rfd7 Qe8 48. Qxb8 Qxb8 49. Rd8+ Qxd8 50. Rxd8+ Kh7 51. Bd3+ g6 52.
f4 Rg3 53. Kf2 Rxh3 54. Rd7+ Kg8 55. Bxg6 Rh2+ 56. Kf3 Rh1 57. f5 h5 58. e4
Rf1+ 59. Kg3 Re1 60. Kf4 h4 61. f6 1-0

[Event "DFMM-LV"]
[Site "Braunfels"]
[Date "2013.05.31"]
[Round "2.7"]
[White "Limbourg, Marina"]
[Black "Heil, Marina"]
[Result "1-0"]
[WhiteElo "1967"]
[BlackElo "1828"]
[PlyCount "43"]
[EventDate "2013.05.30"]
[EventType "team-swiss"]
[EventCountry "GER"]
[WhiteTeam "Nordrhein Westfalen"]
[BlackTeam "Wuerttemberg"]
[WhiteTeamCountry "GER"]
[BlackTeamCountry "GER"]

1. e4 c5 2. Nf3 Nc6 3. d4 cxd4 4. Nxd4 e5 5. Nb5 d6 6. N1c3 a6 7. Na3 b5 8. Nd5
Nge7 9. Be3 Be6 10. Bb6 Qb8 11. Nc7+ Kd7 12. Nxa8 Qxa8 13. Be2 f5 14. c4 b4 15.
c5 Nc8 16. exf5 Bxf5 17. Nc4 Nd4 18. O-O Qe4 19. c6+ Nxc6 20. Rc1 Nd8 21. Nxe5+
Ke7 22. Bxd8+ 1-0

[Event "DFMM-LV"]
[Site "Braunfels"]
[Date "2013.05.31"]
[Round "2.8"]
[White "Zpevakova, Katerina"]
[Black "Roitburd, Swetlana"]
[Result "1-0"]
[WhiteElo "1909"]
[BlackElo "1765"]
[PlyCount "57"]
[EventDate "2013.05.30"]
[EventType "team-swiss"]
[EventCountry "GER"]
[WhiteTeam "Wuerttemberg"]
[BlackTeam "Nordrhein Westfalen"]
[WhiteTeamCountry "GER"]
[BlackTeamCountry "GER"]

1. e4 c6 2. d4 d5 3. e5 Bf5 4. f4 e6 5. Nf3 Nd7 6. c3 Ne7 7. Be2 Ng6 8. Be3 Be7
9. Nbd2 O-O 10. O-O Rc8 11. h3 Qb6 12. Qb3 h6 13. g4 Be4 14. Nxe4 dxe4 15. Nd2
Qxb3 16. axb3 f5 17. Bc4 Rfd8 18. Bxe6+ Kh8 19. Bxf5 Nh4 20. Bxe4 a6 21. Nf3
Nb6 22. c4 Nxf3+ 23. Bxf3 Nd7 24. Rad1 Nf8 25. d5 cxd5 26. Bxd5 b5 27. Bb7 Rb8
28. Bxa6 bxc4 29. Bxc4 1-0